Statistics for Top 30 Best Steelers

Click here to take the quiz!

General Stats

  • This quiz has been taken 212 times
  • The average score is 14 of 30

Answer Stats

RankPositionAnswer% Correct
1QBTerry Bradshaw
96%
20QBBen Roethlisberger
91%
19WRAntonio Brown
89%
2DEJoe Greene
86%
7RBFranco Harris
79%
6WRHines Ward
78%
9RBJerome Bettis
77%
21RBLe'veon Bell
73%
11CBTroy Polamalu
70%
12WRLynn Swann
66%
3LBJack Lambert
65%
4CBRod Woodson
63%
8CoachChuck Noll
61%
5SMel Blount
58%
14LBJack Ham
56%
16TEHeath Miller
54%
25LBJames Harrison
51%
15CMike Webster
40%
17QBKordell Stewart
32%
24DECameron Heyward
28%
10CDermontti Dawson
27%
22KGary Anderson
25%
30LBRyan Shazier
20%
13LBKevin Greene
11%
27LBLawrence Timmons
8%
28WRLouis Lipps
8%
18RBDeangelo Williams
7%
26DEStephon Tuitt
7%
23CBWilliam Gay
5%
29DEGreg Lioyd
0%

Score Distribution

Percentile by Number Answered

Percent of People with Each Score

Your Score History

You have not taken this quiz